000 00615cam a22002052 4500
001 0000019621
005 20151217154434.0
008 110113s xx 000 0 eng d
020 _a0131977369 :
040 _aKABU
_cKABU
245 1 0 _aPrinciples of biochemistry /
_cH. Robet Horton... [etal]
250 _a4th ed.
260 _aUpper Saddle River, New Jersey :
_bPearson education,
_c2006.
300 _axxxv, 852p.
650 0 _aBiochemistry.
_@0000154236
700 1 _aHorton, H. Robert.
_@0000179452
852 1 _9p6370 KES
908 _a110113
950 _@1
999 _c11263
_d11263